Derecho penitenciario /

Contenido: El derecho penitenciario; La pena como tratamiento del delincuente; La prisión como pena; Los regímenes penitenciarios; La ONU y el tratamiento del delincuente; La institucionalización de delincuentes en México; La ejecución penal en México; La normatividad para la ejecución penal.

Shranjeno v:
Bibliografske podrobnosti
Glavni avtor: Mendoza Bremauntz, Emma (autor)
Drugi avtorji: Rodríguez Manzanera, Luis (presentación) (presentación)
Format: Knjiga
Jezik:španščina
Izdano: México : McGraw-Hill, 1998, c1998
Serija:(Jurídica)
Teme:
Oznake: Označite
Brez oznak, prvi označite!

MARC

LEADER 00000nam^a2200000^a^4500
001 000102336
005 20250521000000.0
009 20260310093308.554
020 |a 970-10-2072-3 
037 |a Acervo ITESO - Biblioteca 
041 |a ESP 
082 |a 344. 72035  |b MEN 
100 |a Mendoza Bremauntz, Emma  |e (autor) 
245 1 0 |a Derecho penitenciario /  |c E. Mendoza Bremauntz ; presen. de L. Rodríguez Manzanera. 
264 4 |a México :  |b McGraw-Hill,  |c 1998, c1998 
300 |a XXXIV, 304 p. 
336 |a texto  |b txt  |2 rdacontenido 
337 |a sin mediación  |b n  |2 rdamedio 
338 |a volumen  |b nc  |2 rdasoporte 
440 1 |a (Jurídica) 
520 |a Contenido: El derecho penitenciario; La pena como tratamiento del delincuente; La prisión como pena; Los regímenes penitenciarios; La ONU y el tratamiento del delincuente; La institucionalización de delincuentes en México; La ejecución penal en México; La normatividad para la ejecución penal. 
649 |a XX 
650 |a Cárceles y Centros de Readaptación Social -  |z México -  |x Aspectos Jurídicos 
650 |a Cárceles y Centros de Readaptación Social -  |x Aspectos Jurídicos 
650 |a Derecho Penitenciario -  |z México -  |x Tema Principal 
650 |a Derecho Penitenciario -  |x Tema Principal 
650 |a Derecho Penal -  |z México 
650 |a Derecho Penal 
650 |a Derecho Público -  |z México 
650 |a Derecho Público 
650 |a México -  |x Condiciones Jurídicas 
700 |a Rodríguez Manzanera, Luis  |e (presentación) 
910 |a Fondo General 
920 |a Impresos - Libros 
930 |a Colección General 
905 |a 101 
901 |a 0500096575  |b IT1  |c ACC  |u 20250521 
902 |a https://opac.biblio.iteso.mx/vufind/Record/000102336